000
00253nam a2200097Ia 4500
001
650225
005
20250826154355.0
008
250824s9999 xx 000 0 und d
245
0
_a
PAKİZE ANTİK
_c
SÜLEYMAN TEVFİK
260
_b
ANTİK DÜNYA KLASİKLERİ
999
_c
650225
_d
650225